000 01245cam a2200397 a 4500
001 101781
005 20230410105402.0
008 100706s2010 fr b 000 0 fre
010 _a 2010480366
035 _a(OCoLC)ocn650206331
040 _aDLC
_cDLC
_dTZT
_dAUXAM
020 _a9782360120093
020 _a2360120093
029 1 _aTZT
_bJTL00276097
035 _a(OCoLC)650206331
050 1 4 _aHB 501
_bB467m 2010
082 0 0 _a320
100 1 _aBéniés, Nicolas,
_d1947-
245 1 0 _aMarx, le capitalisme et les crises /
_cNicolas Béniés.
260 _a[Paris] :
_bVille brule,
_cc2010.
300 _a127 p. ;
_c17 cm.
490 1 _aEngagé-e-s
504 _aIncludes bibliographical references (p. 126-127).
650 0 _aCapitalism.
650 0 _aMarxian economics.
600 1 0 _aMarx, Karl,
_d1818-1883.
_tKapital.
650 0 _aFinancial crises.
650 4 _aCapitalismo.
650 4 _aEconomía marxista.
653 _aPolitical ideology
_aMarxian economics
_aPolitical liberalism
_aEssay.
830 0 _aEngagé-e-s.
938 _aJean Touzot Libraire Editeur
_bTOUZ
_nJTL00276097
_c13 EUR
938 _aAux Amateurs de Livres
_bAUXA
_nAAL0485433-0001
_c13,00 EUR
942 _2lcc
_cbk
994 _aC0
_bDRFGD
999 _c35617
_d35617